000 00541cam a2200181 a 4500
001 000001231
005 20200929145520.0
008 840627s1968 sp 000 0 spa
040 _aDO-SdBNP
_bspa
_cBNPHU
082 _a863.44
_bM379r, 1968
100 1 _aMartín Vigil, José Luis
_d1919-
_94191
245 1 0 _aRéquiem a cinco voces /
_cJosé Luis Martín Virgil.
250 _a8a ed.
260 _aOviedo :
_bRichard Grandio,
_c1968.
300 _a508 p. ;
_c19 cm.
650 4 _aNovela española
_91123
650 4 _aLiteratura española
_9632
999 _c1178
_d1178